[Event "Titled Tue 27th May Early"]
[Site "chess.com INT"]
[Date "2025.05.27"]
[Round "3"]
[White "Smieszek, Wojciech"]
[Black "Neagu, Roberto Florin"]
[Result "1-0"]
[WhiteTitle "CM"]
[BlackTitle "FM"]
[WhiteElo "2141"]
[BlackElo "2190"]
[WhiteFideId "1156047"]
[BlackFideId "54588898"]
[EventDate "2025.05.27"]

1. e4 c6 2. d4 d5 3. exd5 cxd5 4. c3 Nc6 5. Bf4 Nf6 6. Bd3 Bg4 7. f3 Bh5 8. Ne2
e6 9. Nd2 Bg6 10. Nf1 Bd6 11. Bg3 O-O 12. Nf4 Bxd3 13. Nxd3 b5 14. b4 a5 15.
bxa5 Nxa5 16. Ne3 Rc8 17. Bxd6 Qxd6 18. Nc5 Nd7 19. Nxd7 Qxd7 20. Qd2 Rc7 21.
O-O Rfc8 22. Rfc1 f5 23. Rab1 Nc4 24. Nxc4 Rxc4 25. Rb3 Qc6 26. a3 h6 27. h3 Kf7
28. Qb2 Rxd4 29. Rxb5 Rc4 30. Rb7+ Kg8 31. a4 Rxc3 32. Rc2 Rxc2 33. Qxg7# 1-0

[Event "Titled Tue 27th May Early"]
[Site "chess.com INT"]
[Date "2025.05.27"]
[Round "3"]
[White "Ollier, Pablo"]
[Black "Harshit, Ranjan Sahu"]
[Result "0-1"]
[WhiteTitle "FM"]
[BlackTitle "CM"]
[WhiteElo "2284"]
[BlackElo "2214"]
[WhiteFideId "652318"]
[BlackFideId "25638815"]
[EventDate "2025.05.27"]

1. d4 Nf6 2. c4 g6 3. Nc3 Bg7 4. e4 d6 5. Nf3 O-O 6. Be2 Nc6 7. d5 Nb8 8. O-O e5
9. Ne1 Nbd7 10. Be3 Ne8 11. Nd3 f5 12. f3 f4 13. Bd2 g5 14. Nf2 h5 15. h3 Nef6
16. b4 Qe8 17. a4 Qg6 18. Ra3 Rf7 19. Nb5 Nf8 20. c5 a6 21. Nc3 g4 22. fxg4 hxg4
23. Nxg4 Bxg4 24. Bxg4 Bh6 25. Bf5 Qg5 26. Qf3 Rg7 27. c6 b6 28. Ne2 Ng6 29. Be1
Kh8 30. Kh1 Rag8 31. Rg1 Nh4 32. Bxh4 Qxh4 33. a5 b5 34. Rd3 Nh5 35. Bg4 Rxg4
36. Rc3 Ng3+ 37. Nxg3 Rxg3 0-1

[Event "Titled Tue 27th May Early"]
[Site "chess.com INT"]
[Date "2025.05.27"]
[Round "3"]
[White "Akkara, Omer"]
[Black "Guliev, Gasan"]
[Result "1-0"]
[WhiteTitle "CM"]
[BlackTitle "CM"]
[WhiteElo "2036"]
[BlackElo "2123"]
[WhiteFideId "26319802"]
[BlackFideId "34165638"]
[EventDate "2025.05.27"]

1. e4 e5 2. Nf3 Nf6 3. Nc3 Nc6 4. a3 a6 5. d4 exd4 6. Nxd4 Bc5 7. Be3 Nxd4 8.
Bxd4 Qe7 9. Bxc5 Qxc5 10. Be2 O-O 11. O-O d6 12. Qd3 Re8 13. Rad1 Bd7 14. Qd4
Qxd4 15. Rxd4 Bc6 16. f3 d5 17. exd5 Nxd5 18. Nxd5 Bxd5 19. Bxa6 Bxf3 20. Bc4
Bh5 21. Rd7 Rf8 22. Rxc7 Rab8 23. a4 b6 24. b4 Bg6 25. Bb3 h5 26. Rc6 Be4 27.
Rc7 Rbd8 28. Rfxf7 Rxf7 29. Rxf7 Bxc2 30. Rd7+ Bxb3 31. Rxd8+ Kf7 32. a5 bxa5
33. bxa5 Bc4 34. Rc8 Ba6 35. Rc6 Bb5 36. Rb6 Bc4 37. a6 Ke7 38. a7 Bd5 39. Rb8 1-0

[Event "Titled Tue 27th May Early"]
[Site "chess.com INT"]
[Date "2025.05.27"]
[Round "3"]
[White "Vusatiuk, Vladimir"]
[Black "Mikhailova, Irina"]
[Result "0-1"]
[WhiteTitle "IM"]
[BlackTitle "WGM"]
[WhiteElo "2286"]
[BlackElo "2143"]
[WhiteFideId "14118610"]
[BlackFideId "4109040"]
[EventDate "2025.05.27"]

1. e4 c5 2. Nf3 Nc6 3. d4 cxd4 4. Nxd4 e5 5. Nb5 d6 6. c4 Be7 7. N1c3 a6 8. Na3
Be6 9. Nd5 Rc8 10. Be3 Bg5 11. Bb6 Qd7 12. Be2 Bd8 13. Bxd8 Qxd8 14. O-O Nd4 15.
Bg4 Nf6 16. Nxf6+ Qxf6 17. Bxe6 Qxe6 18. Qa4+ Qd7 19. Qd1 O-O 20. b3 b5 21. Rc1
Qb7 22. Qd3 Rc5 23. cxb5 axb5 24. Nb1 Qc7 25. Nd2 Rxc1 0-1

[Event "Titled Tue 27th May Early"]
[Site "chess.com INT"]
[Date "2025.05.27"]
[Round "3"]
[White "Manon-og, Ramon Jr."]
[Black "Aarit Kapil"]
[Result "0-1"]
[BlackTitle "CM"]
[WhiteElo "1913"]
[BlackElo "2098"]
[WhiteFideId "5200776"]
[BlackFideId "33408947"]
[EventDate "2025.05.27"]

1. e4 c5 2. Nf3 d6 3. Bb5+ Bd7 4. Bxd7+ Qxd7 5. c4 Nc6 6. Nc3 g6 7. d4 Bg7 8.
dxc5 dxc5 9. Qxd7+ Kxd7 10. Be3 b6 11. Rd1+ Kc7 12. Nb5+ Kc8 13. Rd2 Nf6 14. Ng5
Rf8 15. f3 Ne5 16. b3 h6 17. Nh3 a6 18. Nc3 e6 19. Na4 Kb7 20. Rd6 Ned7 21. e5
Nxe5 22. Rxb6+ Kc7 23. Bxc5 Nd3+ 24. Ke2 Nxc5 25. Rb4 Nfd7 26. Nxc5 Nxc5 27. Rc1
Rfd8 28. Nf2 Bd4 29. Nd1 Be5 30. Nf2 Bxh2 31. Rh1 Bg3 32. Ng4 h5 33. Nf6 Nd3 34.
Ra4 Nf4+ 35. Ke3 Rd3+ 36. Ke4 Rad8 37. c5 Ne2 38. Rh3 Nc3# 0-1

[Event "Titled Tue 27th May Early"]
[Site "chess.com INT"]
[Date "2025.05.27"]
[Round "3"]
[White "Slate, Kent"]
[Black "Ristic, Nebojsa M"]
[Result "0-1"]
[BlackTitle "IM"]
[WhiteElo "2082"]
[BlackElo "2248"]
[WhiteFideId "30961564"]
[BlackFideId "900850"]
[EventDate "2025.05.27"]

1. e4 e6 2. Nf3 d5 3. e5 a5 4. c3 b6 5. d4 Ba6 6. Bxa6 Nxa6 7. O-O c5 8. Ne1 Ne7
9. f4 g6 10. Na3 Qd7 11. c4 cxd4 12. Qxd4 Nf5 13. Qd3 Bc5+ 14. Kh1 h5 15. cxd5
h4 16. Qh3 O-O-O 17. Nf3 Ng3+ 18. hxg3 hxg3 19. Nh4 Qe7 20. d6 Qxh4 21. f5 Qg4
22. Bh6 gxf5 23. Qxg4 fxg4 24. Rf6 Be3 25. Nc4 Bxh6 26. Kg1 b5 27. d7+ Kc7 28.
Nd6 Be3+ 29. Kf1 Rh1+ 30. Ke2 Rxa1 31. Kxe3 Rxd7 32. Nxb5+ Kb6 33. Nd6 Nb4 34.
Rf2 gxf2 0-1

[Event "Titled Tue 27th May Early"]
[Site "chess.com INT"]
[Date "2025.05.27"]
[Round "3"]
[White "Levitan, Caleb Levi"]
[Black "Berezin, Viktor RUS"]
[Result "1-0"]
[WhiteTitle "FM"]
[BlackTitle "FM"]
[WhiteElo "2333"]
[BlackElo "1921"]
[WhiteFideId "14332620"]
[BlackFideId "4128869"]
[EventDate "2025.05.27"]

1. e4 e6 2. d4 d5 3. Nc3 Nf6 4. e5 Nfd7 5. f4 c5 6. Nf3 Nc6 7. Be3 Qb6 8. Na4
Qa5+ 9. c3 cxd4 10. b4 Qc7 11. Nxd4 Nxd4 12. Bxd4 a6 13. Bd3 b5 14. Nb2 Nb6 15.
a4 Nc4 16. Qe2 Rb8 17. axb5 axb5 18. O-O Bd7 19. Ra7 Rb7 20. Rfa1 Be7 21. Ra8+
Bd8 22. Nxc4 bxc4 23. Bc2 O-O 24. R1a7 Be7 25. Rxb7 Qxb7 26. Ra7 Qc6 27. Ba4
Qxa4 28. Rxa4 Bxa4 29. Qa2 Bb3 30. Qa7 Re8 31. b5 1-0

[Event "Titled Tue 27th May Early"]
[Site "chess.com INT"]
[Date "2025.05.27"]
[Round "3"]
[White "Yang, ZiLong"]
[Black "Svane, Rasmus"]
[Result "0-1"]
[WhiteTitle "FM"]
[BlackTitle "GM"]
[WhiteElo "2326"]
[BlackElo "2629"]
[WhiteFideId "8641528"]
[BlackFideId "4657101"]
[EventDate "2025.05.27"]

1. e4 c6 2. d4 d5 3. Nc3 dxe4 4. Nxe4 Nf6 5. Nxf6+ exf6 6. c3 Bd6 7. Bd3 O-O 8.
Qc2 Re8+ 9. Ne2 h6 10. O-O Nd7 11. Bf4 Nf8 12. Bxd6 Qxd6 13. Rae1 Be6 14. Ng3
Rad8 15. Ne4 Qd5 16. Nc5 Bc8 17. b3 b6 18. Bc4 Qd6 19. Ne4 Qf4 20. Bd3 f5 21.
Ng3 g6 22. Bc4 Kg7 23. Bd3 Qd6 24. h4 Rxe1 25. Rxe1 c5 26. Rd1 cxd4 27. cxd4 Ne6
28. Bxf5 Nxd4 29. Rxd4 Qxd4 30. Bxc8 Qxh4 31. Ba6 Qd4 32. Bc4 h5 33. Ne2 Qe5 34.
a4 h4 35. Qc1 Rd6 36. Qe3 Rd1# 0-1

[Event "Titled Tue 27th May Early"]
[Site "chess.com INT"]
[Date "2025.05.27"]
[Round "3"]
[White "Tan, Jun Ying"]
[Black "Ramos Espinoza, Efren Andres"]
[Result "0-1"]
[WhiteTitle "FM"]
[BlackTitle "FM"]
[WhiteElo "2414"]
[BlackElo "2104"]
[WhiteFideId "5710413"]
[BlackFideId "6100538"]
[EventDate "2025.05.27"]

1. c4 c6 2. Nf3 d5 3. g3 Nf6 4. Bg2 Bg4 5. Ne5 Bf5 6. cxd5 cxd5 7. Qa4+ Nbd7 8.
g4 Bxb1 9. Rxb1 Qc7 10. d4 e6 11. Bf4 Bd6 12. g5 Ne4 13. Rc1 Qd8 14. Bxe4 Bxe5
15. Bxe5 dxe4 16. Rc7 Rc8 17. Rxb7 O-O 18. Bf4 Nb6 19. Qxa7 Nd5 20. Bd2 e3 21.
fxe3 Qxg5 22. Rb3 Qh4+ 23. Kd1 Qe4 24. Bc3 Nxe3+ 25. Kd2 Nc4+ 26. Ke1 Qxh1+ 27.
Kf2 Qxh2+ 0-1

[Event "Titled Tue 27th May Early"]
[Site "chess.com INT"]
[Date "2025.05.27"]
[Round "3"]
[White "Baladjaev, Gara"]
[Black "Burmakin, Evgeniy"]
[Result "0-1"]
[WhiteTitle "FM"]
[BlackTitle "FM"]
[WhiteElo "2404"]
[BlackElo "2110"]
[WhiteFideId "13401785"]
[BlackFideId "4163729"]
[EventDate "2025.05.27"]

1. d4 Nf6 2. c4 g6 3. g3 Bg7 4. Bg2 O-O 5. Nf3 d6 6. O-O c5 7. d5 e6 8. dxe6
Bxe6 9. Ng5 d5 10. Nxe6 fxe6 11. cxd5 exd5 12. Nc3 d4 13. Qb3+ Kh8 14. Qxb7 Nbd7
15. Qxa8 Qxa8 16. Bxa8 Rxa8 17. Nb5 Nd5 18. Nd6 Rb8 19. b3 d3 20. Bg5 dxe2 21.
Rfe1 Bxa1 22. Rxa1 Rb6 23. Nc4 Re6 24. Ne3 Nxe3 25. Bxe3 Rd6 26. Kg2 Rd1 0-1

[Event "Titled Tue 27th May Early"]
[Site "chess.com INT"]
[Date "2025.05.27"]
[Round "3"]
[White "Maltsevskaya, Aleksandra"]
[Black "Grunberg, Mihai-Lucian"]
[Result "1-0"]
[WhiteTitle "IM"]
[BlackTitle "IM"]
[WhiteElo "2398"]
[BlackElo "2401"]
[WhiteFideId "24174041"]
[BlackFideId "1204149"]
[EventDate "2025.05.27"]

1. e4 Nf6 2. e5 Nd5 3. c4 Nb6 4. d4 d6 5. f4 dxe5 6. fxe5 Nc6 7. Be3 Bf5 8. Nc3
e6 9. Be2 Be7 10. Nf3 O-O 11. O-O f6 12. exf6 Bxf6 13. Rc1 e5 14. d5 Ne7 15. Nd2
Qd7 16. Nde4 c6 17. d6 Ng6 18. Rxf5 Qxf5 19. Bg4 Bg5 20. Bxg5 Qf7 21. d7 Ne7 22.
Nd6 Qf2+ 23. Kh1 Ng6 24. Be6+ Kh8 25. d8=Q Raxd8 26. Bxd8 Nf4 27. Bh3 Nxh3 28.
gxh3 h6 29. Nce4 Qe3 30. Bh4 Qxh3 31. Bg3 h5 32. Bxe5 Nd7 33. Ng5 Qh4 34. Ndf7+
Kg8 35. Qxd7 1-0

[Event "Titled Tue 27th May Early"]
[Site "chess.com INT"]
[Date "2025.05.27"]
[Round "3"]
[White "Bauml, Broderick Kenneth"]
[Black "Sathvik Adiga"]
[Result "0-1"]
[BlackTitle "IM"]
[WhiteElo "2089"]
[BlackElo "2341"]
[WhiteFideId "30972477"]
[BlackFideId "25745700"]
[EventDate "2025.05.27"]

1. e4 e5 2. Nf3 Nc6 3. d4 exd4 4. Nxd4 Nf6 5. Nxc6 bxc6 6. e5 Qe7 7. Qe2 Nd5 8.
h4 Qe6 9. g3 d6 10. c4 Nb6 11. Bf4 Ba6 12. Nd2 dxe5 13. Qxe5 Qxe5+ 14. Bxe5 Bb4
15. Bxg7 Rg8 16. Be5 Nxc4 17. Bxc4 Bxc4 18. a3 Bd5 19. axb4 Bxh1 20. f3 O-O-O
21. Rxa7 Rge8 22. Rxc7+ Kb8 23. Re7+ Ka8 24. Rxe8 Rxe8 0-1

[Event "Titled Tue 27th May Early"]
[Site "chess.com INT"]
[Date "2025.05.27"]
[Round "3"]
[White "Hnatyshyn, Anastasiia"]
[Black "Montano Vicente, Guadalupe"]
[Result "1-0"]
[WhiteTitle "WFM"]
[WhiteElo "2159"]
[BlackElo "1940"]
[WhiteFideId "14198339"]
[BlackFideId "5181399"]
[EventDate "2025.05.27"]

1. Nc3 Nf6 2. e4 d6 3. d4 g6 4. f4 Bg7 5. Nf3 O-O 6. Bd3 Bg4 7. O-O c6 8. Qe1
Bxf3 9. Rxf3 e5 10. dxe5 dxe5 11. f5 Nbd7 12. Qh4 Re8 13. g4 Nc5 14. Kg2 Nfd7
15. g5 gxf5 16. exf5 f6 17. g6 hxg6 18. Bc4+ Kf8 19. fxg6 b5 20. Bf7 f5 21. Bg5
Nf6 22. Rxf5 Ncd7 23. Rd1 Re7 24. Bxf6 Bxf6 25. Rxf6 Nxf6 26. Qh8+ 1-0

[Event "Titled Tue 27th May Early"]
[Site "chess.com INT"]
[Date "2025.05.27"]
[Round "3"]
[White "Le, Quang Liem"]
[Black "Kosteniuk, Alexandra"]
[Result "1-0"]
[WhiteTitle "GM"]
[BlackTitle "GM"]
[WhiteElo "2729"]
[BlackElo "2479"]
[WhiteFideId "12401137"]
[BlackFideId "4128125"]
[EventDate "2025.05.27"]

1. Nf3 d5 2. e3 c5 3. b3 Nc6 4. Bb2 f6 5. d4 Bg4 6. Be2 cxd4 7. Nxd4 Bxe2 8.
Qxe2 e5 9. Nxc6 bxc6 10. O-O Bd6 11. c4 Ne7 12. Rd1 O-O 13. Nc3 Qa5 14. cxd5
cxd5 15. a3 Rac8 16. b4 Qb6 17. Nxd5 Nxd5 18. Rxd5 Rfd8 19. e4 Be7 20. Rad1 Rxd5
21. Rxd5 Qc6 22. g3 g6 23. Kg2 Kf7 24. Qf3 Kg8 25. Rd1 Qe6 26. Bc1 Rc2 27. Qd3
Qa2 28. Be3 Rc7 29. Qb5 Kf7 30. Rd7 Rxd7 31. Qxd7 Qc4 32. Qb7 f5 33. Bxa7 Qxe4+
34. Qxe4 fxe4 35. Bc5 Bxc5 36. bxc5 Ke6 37. Kf1 Kd5 38. Ke2 Kxc5 39. Ke3 1-0

[Event "Titled Tue 27th May Early"]
[Site "chess.com INT"]
[Date "2025.05.27"]
[Round "3"]
[White "Vykouk, Jan"]
[Black "Mikhalsky, Vladimir"]
[Result "1-0"]
[WhiteTitle "IM"]
[WhiteElo "2496"]
[BlackElo "2219"]
[WhiteFideId "349658"]
[BlackFideId "14144352"]
[EventDate "2025.05.27"]

1. e4 g6 2. d4 Bg7 3. Nc3 d6 4. Be3 a6 5. h4 Nf6 6. f3 h5 7. Qd2 Nc6 8. O-O-O b5
9. Nh3 Bxh3 10. Rxh3 b4 11. Ne2 Nd7 12. Kb1 Nb6 13. Nc1 e5 14. d5 Nd4 15. Qxb4
Rb8 16. c3 O-O 17. cxd4 Nxd5 18. Qd2 Nxe3 19. Qxe3 exd4 20. Qd2 c5 21. Bc4 Kh7
22. Nd3 Qb6 23. g4 Bh6 24. Qc2 Be3 25. gxh5 gxh5 26. e5 Kh8 27. f4 f5 28. Qe2
Rb7 29. Qxh5+ Rh7 30. Qe2 Qc6 31. exd6 Qxd6 32. Ne5 Bxf4 33. Nd3 Be3 34. h5 f4
35. Qf3 Qd7 36. Rh4 Qf5 37. h6 a5 38. Rdh1 Qg5 39. Rg4 Qf5 40. Qg2 1-0

[Event "Titled Tue 27th May Early"]
[Site "chess.com INT"]
[Date "2025.05.27"]
[Round "3"]
[White "Kopczynski, Michal"]
[Black "Zobel, Christian"]
[Result "1-0"]
[WhiteTitle "CM"]
[BlackTitle "CM"]
[WhiteElo "2225"]
[BlackElo "2157"]
[WhiteFideId "1124200"]
[BlackFideId "16259068"]
[EventDate "2025.05.27"]

1. e4 c5 2. d4 cxd4 3. c3 d3 4. Bxd3 Nc6 5. f4 d6 6. Nf3 Bg4 7. O-O Nf6 8. Kh1
e6 9. Be3 Be7 10. Nbd2 O-O 11. Qe1 Qa5 12. Qg3 Qh5 13. h3 Qh6 14. Nh2 Bh5 15. f5
g5 16. Bxg5 Qg7 17. Qh4 Ne5 18. Bc2 Kh8 19. Bxf6 Bxf6 20. Qxh5 Rg8 21. g4 Bg5
22. Ndf3 Bf4 23. Nxe5 dxe5 24. Rad1 Rad8 25. Rxd8 Rxd8 26. Rd1 Rxd1+ 27. Bxd1
Qf6 28. g5 Bxg5 29. Ng4 Qd8 30. Nxe5 1-0

[Event "Titled Tue 27th May Early"]
[Site "chess.com INT"]
[Date "2025.05.27"]
[Round "3"]
[White "Levitan, Judah Nathan"]
[Black "Xie, Timothy"]
[Result "1-0"]
[WhiteTitle "CM"]
[WhiteElo "2127"]
[BlackElo "2006"]
[WhiteFideId "14332639"]
[BlackFideId "30943264"]
[EventDate "2025.05.27"]

1. e4 e5 2. Nf3 Nc6 3. Bb5 a6 4. Ba4 b5 5. Bb3 Bc5 6. c3 Nf6 7. Qe2 d6 8. O-O h6
9. Rd1 Bb6 10. a4 b4 11. d4 Qe7 12. d5 Na5 13. Bc2 b3 14. Bd3 O-O 15. h3 Nh5 16.
Na3 Qf6 17. Nc4 Qg6 18. Nh4 Ng3 19. Qf3 Qh5 20. Nxb6 cxb6 21. fxg3 g5 22. Qxh5
g4 23. Nf5 Bxf5 24. exf5 f6 25. Qg6+ Kh8 26. Bxh6 Rg8 27. Qxf6+ Kh7 28. hxg4
Rxg4 29. Bg5 Rg8 30. Qh6# 1-0

[Event "Titled Tue 27th May Early"]
[Site "chess.com INT"]
[Date "2025.05.27"]
[Round "3"]
[White "Vyom Malhotra"]
[Black "Danzer, George"]
[Result "1-0"]
[WhiteTitle "CM"]
[BlackTitle "CM"]
[WhiteElo "1975"]
[BlackElo "2172"]
[WhiteFideId "33383561"]
[BlackFideId "4659465"]
[EventDate "2025.05.27"]

1. Nf3 Nf6 2. Nc3 g6 3. e4 d6 4. d4 Bg7 5. Bf4 O-O 6. Qd2 Re8 7. O-O-O c6 8. Bh6
Bh8 9. h4 b5 10. e5 b4 11. exf6 bxc3 12. Qxc3 Bxf6 13. Bc4 d5 14. Bb3 a5 15. a4
Qd6 16. Ne5 c5 17. Rhe1 c4 18. Ba2 Nc6 19. f4 Nb4 20. Bb1 Bd7 21. h5 Bxa4 22.
hxg6 fxg6 23. Qg3 Bg7 24. Bxg7 Kxg7 25. f5 Ra6 26. fxg6 hxg6 27. Rh1 Nxc2 28.
Rdf1 Nxd4 29. Rf7+ Kg8 30. Rh8+ 1-0

[Event "Titled Tue 27th May Early"]
[Site "chess.com INT"]
[Date "2025.05.27"]
[Round "3"]
[White "Gyurjinyan, Valter"]
[Black "Angulo Perez, Sebastian"]
[Result "1/2-1/2"]
[WhiteTitle "CM"]
[BlackTitle "CM"]
[WhiteElo "2208"]
[BlackElo "2026"]
[WhiteFideId "13318179"]
[BlackFideId "6544045"]
[EventDate "2025.05.27"]

1. e4 c6 2. d4 d5 3. Nc3 dxe4 4. Nxe4 Nf6 5. Nxf6+ exf6 6. Nf3 Bd6 7. Bd3 O-O 8.
O-O Bg4 9. h3 Bh5 10. c3 Nd7 11. Qc2 Bg6 12. Bxg6 hxg6 13. Re1 Re8 14. Bd2 Nf8
15. c4 Qd7 16. a4 Ne6 17. a5 b6 18. Qa4 Bc7 19. axb6 axb6 20. Qxa8 Rxa8 21.
Rxa8+ Kh7 22. Bc3 Qd6 23. Re4 g5 24. Ra1 f5 25. Re5 g4 26. hxg4 fxg4 27. Nh4
Nxd4 28. Rh5+ Kg8 29. Ra8+ Bd8 30. c5 Ne2+ 31. Kf1 Qd1+ 32. Be1 bxc5 33. Re5 Kh7
34. Rh5+ Kg8 35. Re5 Kh7 36. Rh5+ Kg8 1/2-1/2

[Event "Titled Tue 27th May Early"]
[Site "chess.com INT"]
[Date "2025.05.27"]
[Round "3"]
[White "Ejsymont, Blanka"]
[Black "Shevkunov, Vladyslav"]
[Result "0-1"]
[WhiteTitle "WCM"]
[WhiteElo "1907"]
[BlackElo "2073"]
[WhiteFideId "21088268"]
[BlackFideId "30953448"]
[EventDate "2025.05.27"]

1. e4 c5 2. Nf3 e6 3. g3 Nc6 4. d3 d5 5. Nbd2 Nf6 6. Bg2 Be7 7. O-O O-O 8. Re1
b5 9. e5 Nd7 10. Nf1 Qc7 11. Bf4 Bb7 12. h4 d4 13. N1h2 Nb6 14. Ng4 Nd5 15. Bd2
Rac8 16. h5 c4 17. h6 g6 18. Ng5 c3 19. bxc3 dxc3 20. Bc1 Nd4 21. Be4 Nb4 22.
Bf4 Nbxc2 23. Nf6+ Bxf6 24. exf6 Qd7 25. Qg4 Nxe1 26. Bxg6 fxg6 27. f7+ Rxf7 28.
Nxf7 Nef3+ 29. Kf1 Qxf7 30. Rc1 Nh2+ 31. Ke1 Nxg4 32. Kd1 Bf3+ 33. Ke1 e5 34.
Be3 Qxa2 35. Rc2 Nxc2+ 36. Kf1 Qb1+ 37. Bc1 Qxc1# 0-1

[Event "Titled Tue 27th May Early"]
[Site "chess.com INT"]
[Date "2025.05.27"]
[Round "3"]
[White "Martinez Fernandez, Adrian"]
[Black "Azizoglu, Ferzan"]
[Result "1-0"]
[WhiteTitle "IM"]
[WhiteElo "2404"]
[BlackElo "2055"]
[WhiteFideId "32049048"]
[BlackFideId "6302726"]
[EventDate "2025.05.27"]

1. e4 d5 2. Nc3 dxe4 3. Nxe4 Nf6 4. Ng5 h6 5. Nxf7 Kxf7 6. Bc4+ e6 7. Nf3 Bd6 8.
d4 Nc6 9. O-O Re8 10. Re1 Kg8 11. Bd3 Bd7 12. c3 e5 13. Bg6 exd4 14. Bxe8 Bxe8
15. Nxd4 Nxd4 16. Qxd4 Bc6 17. Bf4 Bf8 18. Qxd8 Rxd8 19. Bxc7 Rd2 20. b4 b5 21.
Red1 Rc2 22. Rdc1 Rd2 23. Be5 Ne4 24. f3 Ng5 25. Rd1 Rc2 26. Rdc1 Rd2 27. h4 Ne6
28. Rd1 Re2 29. Bd6 Rc2 30. Bxf8 Kxf8 31. Rd6 Kg8 32. Rxc6 Nf8 33. a4 Rxc3 34.
Rxc3 1-0

[Event "Titled Tue 27th May Early"]
[Site "chess.com INT"]
[Date "2025.05.27"]
[Round "3"]
[White "Shevchenko, Yaroslav"]
[Black "Sarasketa Irastortza, Oier"]
[Result "1-0"]
[BlackTitle "CM"]
[WhiteElo "2137"]
[BlackElo "2190"]
[WhiteFideId "34144684"]
[BlackFideId "54728207"]
[EventDate "2025.05.27"]

1. e4 e5 2. Nf3 Nc6 3. d4 exd4 4. Nxd4 Nf6 5. Nxc6 bxc6 6. e5 Qe7 7. Qe2 Nd5 8.
h4 Qe6 9. c4 Nb6 10. b3 d6 11. Bb2 dxe5 12. Bxe5 Bb4+ 13. Bc3 Bxc3+ 14. Nxc3 O-O
15. Qxe6 Bxe6 16. O-O-O a5 17. Be2 a4 18. Bf3 axb3 19. axb3 Rab8 20. Bxc6 Nc8
21. Kc2 Ne7 22. Be4 Rb4 23. Ra1 h6 24. Ra7 Rfb8 25. Rb1 Ng6 26. g3 Ne5 27. Rxc7 1-0

[Event "Titled Tue 27th May Early"]
[Site "chess.com INT"]
[Date "2025.05.27"]
[Round "3"]
[White "Sailer, Mike"]
[Black "Luukkonen, Tommi"]
[Result "1-0"]
[BlackTitle "FM"]
[WhiteElo "2108"]
[BlackElo "2250"]
[WhiteFideId "2012901"]
[BlackFideId "501808"]
[EventDate "2025.05.27"]

1. c4 e5 2. Nc3 Bb4 3. g3 Bxc3 4. bxc3 d6 5. Bg2 Ne7 6. d3 Nbc6 7. e4 O-O 8. Ne2
f5 9. O-O Qe8 10. f4 fxe4 11. Bxe4 Bh3 12. Rf2 Bg4 13. Qf1 Qh5 14. Bg2 Nf5 15.
Bd2 Rae8 16. Re1 Qg6 17. fxe5 dxe5 18. Bd5+ Kh8 19. Qg2 Nd6 20. Rxf8+ Rxf8 21.
Rf1 Re8 22. Nc1 Nd8 23. Qf2 h5 24. Qf8+ Rxf8 25. Rxf8+ Kh7 26. Bg8+ Kh8 27. Bf7+
Kh7 28. Bxg6+ Kxg6 29. Rxd8 1-0

[Event "Titled Tue 27th May Early"]
[Site "chess.com INT"]
[Date "2025.05.27"]
[Round "3"]
[White "Nakonechnyi, Oleksii"]
[Black "Marynychenko, Yehor"]
[Result "1/2-1/2"]
[WhiteTitle "CM"]
[BlackTitle "CM"]
[WhiteElo "2224"]
[BlackElo "2183"]
[WhiteFideId "34173714"]
[BlackFideId "34160558"]
[EventDate "2025.05.27"]

1. e4 c5 2. Nf3 Nc6 3. c3 d5 4. Bd3 e5 5. O-O Nf6 6. Qe2 Bg4 7. h3 Bxf3 8. Qxf3
d4 9. Na3 Be7 10. Bb5 Qc7 11. Nc4 O-O 12. Bxc6 bxc6 13. d3 Rad8 14. Bg5 Rfe8 15.
Qf5 Nd7 16. Bxe7 Rxe7 17. Rad1 Nb6 18. Na5 Na4 19. Nc4 dxc3 20. bxc3 Nxc3 21.
Rd2 g6 22. Qg5 Kg7 23. Rc1 f6 24. Qe3 Na4 25. Rdc2 Rd4 26. Rb1 Red7 27. Rb3 Nb6
28. Nb2 Qd6 29. Rbc3 Na4 30. Nxa4 Rxa4 31. Rxc5 Qxd3 32. Qxd3 Rxd3 33. Rxc6 Rda3
34. Rc7+ Kh6 35. R2c6 Ra6 36. Rxa6 Rxa6 37. Rc2 Ra4 38. f3 Kg5 39. g3 f5 40.
exf5 gxf5 41. h4+ Kh5 42. Kg2 e4 43. Kf2 Ra3 44. fxe4 fxe4 45. Re2 a5 46. Rxe4
Rxa2+ 47. Kf3 Kg6 48. Re6+ Kf5 49. Rh6 Ra3+ 50. Kf2 Kg4 51. Rxh7 Ra2+ 52. Ke3
Kxg3 53. h5 Kh4 54. h6 Kh5 55. Rh8 a4 56. Kf4 a3 57. Kf5 Rf2+ 58. Ke4 a2 59. Ra8
Kxh6 60. Kd3 Kg5 61. Kc3 Kf4 62. Kb3 Ke4 63. Rxa2 Rxa2 64. Kxa2 1/2-1/2

[Event "Titled Tue 27th May Early"]
[Site "chess.com INT"]
[Date "2025.05.27"]
[Round "3"]
[White "Naranjo Moreno, Antonio"]
[Black "Terry, Renato"]
[Result "0-1"]
[WhiteTitle "FM"]
[BlackTitle "IM"]
[WhiteElo "2289"]
[BlackElo "2508"]
[WhiteFideId "2278626"]
[BlackFideId "3803457"]
[EventDate "2025.05.27"]

1. e4 e6 2. d4 d5 3. Nc3 Nf6 4. e5 Nfd7 5. f4 c5 6. Nf3 Nc6 7. Be3 Be7 8. Qd2
O-O 9. dxc5 Qa5 10. a3 Nxc5 11. h4 Rd8 12. Nd4 Qc7 13. h5 a6 14. Bd3 b5 15. g4
Bb7 16. g5 Ne4 17. Qg2 b4 18. Nce2 bxa3 19. g6 axb2 20. gxf7+ Kxf7 21. Rb1 Nxd4
22. Nxd4 Rg8 23. Qg4 Bc8 24. f5 exf5 25. Nxf5 Qc3+ 26. Ke2 Qxe5 27. Rhf1 Ke8 28.
Bxe4 dxe4 29. Bd4 Qxd4 0-1